书目信息 |
| 题名: |
洛克菲勒自传
|
|
| 作者: | 洛克菲勒 著 ;亦言 译 | |
| 分册: | ||
| 出版信息: | 北京 中国友谊出版公司 2018.01 |
|
| 页数: | 222页, [1] 叶图版 | |
| 开本: | 22cm | |
| 丛书名: | ||
| 单 册: | ||
| 中图分类: | K837.125.38=51 | |
| 科图分类: | ||
| 主题词: | 企业家--qi ye jia--自传--美国--现代 | |
| 电子资源: | ||
| ISBN: | 978-7-5057-4109-6 | |
| 000 | 01227nam0 2200301 450 | |
| 001 | CAL 0120182395154 | |
| 005 | 20181203155146.25 | |
| 010 | @a978-7-5057-4109-6@b精装@dCNY48.00 | |
| 100 | @a20180313d2018 em y0chiy50 ea | |
| 101 | 1 | @achi@ceng |
| 102 | @aCN@b110000 | |
| 105 | @aaf z 000ya | |
| 106 | @ar | |
| 200 | 1 | @a洛克菲勒自传@Aluo ke fei le zi zhuan@f(美) 约翰·D.洛克菲勒著@d= John Davison Rockefeller@fJohn Davison Rockefeller@g亦言译@zeng |
| 210 | @a北京@c中国友谊出版公司@d2018.01 | |
| 215 | @a222页, [1] 叶图版@c图@d22cm | |
| 300 | @a完整全译本 | |
| 314 | @a约翰·D.洛克菲勒, 美国石油大王、超级资本家。 | |
| 330 | @a《洛克菲勒自传》中讲述了洛克菲勒的创业经历、在创业中合作的伙伴以及他们身上的优秀品质、商场经营的一些原则与经验, 还写了他做慈善事业的意义与体会。 | |
| 500 | 10 | @aJohn Davison Rockefeller@mChinese |
| 600 | 1 | @a洛克菲勒@Aluo ke fei le@g(Rockefeller, John Davison),@f1839-1937@x自传 |
| 606 | 0 | @a企业家@Aqi ye jia@x自传@y美国@z现代 |
| 690 | @aK837.125.38=51@v5 | |
| 701 | 1 | @a洛克菲勒@Aluo ke fei le@g(Rockefeller, John Davison),@f1839-1937@4著 |
| 702 | 0 | @a亦言@Ayi yan@4译 |
| 801 | 0 | @aCN@b人天书店@c20180313@g |
| 905 | @aBZT@dK837.125.38=51@e2 | |
| 906 | @dCNY48.00@n3@r1 | |
| 洛克菲勒自传/(美) 约翰·D.洛克菲勒著= John Davison Rockefeller/John Davison Rockefeller/亦言译.-北京:中国友谊出版公司,2018.01 |
| 222页, [1] 叶图版:图;22cm |
| 完整全译本 |
| ISBN 978-7-5057-4109-6(精装):CNY48.00 |
| 《洛克菲勒自传》中讲述了洛克菲勒的创业经历、在创业中合作的伙伴以及他们身上的优秀品质、商场经营的一些原则与经验, 还写了他做慈善事业的意义与体会。 |
| ● |
| 相关链接 |
|
|
|
正题名:洛克菲勒自传
索取号:K837.125.38=51/2
 
预约/预借
| 序号 | 登录号 | 条形码 | 馆藏地/架位号 | 状态 | 备注 |
| 1 | 853715 | 2000853715 | 第二书库/ [索取号:K837.125.38=51/2] | 在馆 | |
| 2 | 853716 | 2000853716 | 第二书库/ [索取号:K837.125.38=51/2] | 在馆 | |
| 3 | 853717 | 2000853717 | 第二书库/ [索取号:K837.125.38=51/2] | 在馆 |